000 00363nam a2200145Ia 4500
008 230917s9999||||xx |||||||||||||| ||und||
040 _e98647
_aMAIN
041 _aEnglish
082 _a323.4 H88H
100 _aSymonides, Janusz, ed.
245 0 _aHuman rights: Concepts and standard
260 _aJaipur
_bRawat
_c2002
300 _axvi, 373 p.
942 _cBK
999 _c113415
_d113415